All-Time UEFA Champions League Teams - Statistics

General Stats
  • This quiz has been taken 106 times
    93 since last reset
  • The average score is 177 of 583
Answer Stats
Country Team % Correct
Spain Barcelona
81%
Netherlands Ajax
79%
Italy Inter
79%
Malta Rabat Ajax
79%
Netherlands Feyenoord
77%
Italy Milan
77%
Spain Real Madrid
77%
England Aston Villa
75%
Portugal Benfica
75%
Italy Juventus
75%
Netherlands PSV Eindhoven
75%
Germany/West Germany Bayer Leverkusen
73%
Serbia | Yugoslavia Crvena zvezda
73%
Italy Lazio
73%
England Manchester United
73%
Andorra Ranger's
73%
Scotland Rangers
73%
Italy Roma
73%
Belgium Anderlecht
71%
Germany/West Germany Borussia Dortmund
71%
Scotland Celtic
71%
Ireland Cork Celtic
71%
England Manchester City
71%
France Paris Saint-Germain
71%
Portugal Porto
71%
Andorra Atlètic Club d'Escaldes
69%
Netherlands AZ Alkmaar
69%
England Chelsea
69%
Belgium Club Brugge
69%
Italy Fiorentina
69%
Sweden IFK Malmö
69%
France Lyon
69%
Sweden Malmö FF
69%
France Monaco
69%
Greece Olympiacos
69%
Austria Rapid Wien
69%
Portugal Sporting Braga
69%
Switzerland Young Boys
69%
Soviet Union Zenit Leningrad
69%
Russia Zenit St. Petersburg
69%
England Arsenal
67%
Spain Athletic Bilbao
67%
Germany/West Germany Bayern München
67%
Türkiye Besiktas
67%
Italy Bologna
67%
Russia | Soviet Union CSKA Moskva
67%
Türkiye Fenerbahçe
67%
Türkiye Galatasaray
67%
Belgium Genk
67%
France Lille
67%
England Liverpool
67%
Italy Napoli
67%
Spain Valencia
67%
Italy Atalanta
65%
Spain Atlético Madrid
65%
Denmark FC København
65%
Germany/West Germany Hamburg
65%
France Marseille
65%
England Newcastle United
65%
Austria Red Bull Salzburg
65%
Romania Steaua București
65%
Italy Torino
65%
England Tottenham Hotspur
65%
Austria Austria Wien
63%
Switzerland Basel
63%
Belgium Gent
63%
England Leeds United
63%
Italy Parma
63%
Serbia | Yugoslavia Partizan Beograd
63%
Spain Sevilla
63%
Czechia | Czechoslovakia Sparta Praha
63%
Portugal Sporting CP
63%
Spain Villarreal
63%
Germany/West Germany Wolfsburg
63%
Cyprus APOEL Nicosia
60%
Spain Deportivo La Coruña
60%
Croatia | Yugoslavia Dinamo Zagreb
60%
Soviet Union | Ukraine Dynamo Kyiv
60%
France Nice
60%
England Nottingham Forest
60%
Greece Panathinaikos
60%
Azerbaijan Qarabag
60%
Spain Real Betis
60%
Italy Sampdoria
60%
Ukraine Shakhtar Donetsk
60%
Netherlands Twente
60%
England Everton
58%
Iceland KA
58%
Russia Lokomotiv Moskva
58%
Germany/West Germany Werder Bremen
58%
England Wolverhampton Wanderers
58%
Switzerland Zürich
58%
Denmark AB
56%
Greece AEK Athens
56%
Kazakhstan Astana
56%
Germany/West Germany Borussia Mönchengladbach
56%
Scotland Dundee FC
56%
Germany/West Germany Eintracht Frankfurt
56%
Scotland Heart of Midlothian
56%
Finland HJK
56%
Albania KF Tirana
56%
Faroe Islands KÍ Klaksvik
56%
Iceland KR Reykjavík
56%
Poland Legia Warszawa
56%
England Leicester City
56%
Spain Málaga
56%
Spain Real Sociedad
56%
Germany/West Germany Schalke 04
56%
Italy Udinese
56%
France Auxerre
54%
Bulgaria CSKA Sofia
54%
Romania Dinamo București
54%
Hungary Ferencváros
54%
Germany/West Germany Köln
54%
Russia Krasnodar
54%
Israel Maccabi Tel Aviv
54%
Spain Mallorca
54%
Slovenia Maribor
54%
Germany/West Germany RB Leipzig
54%
Moldova Sheriff Tiraspol
54%
Czechia Slavia Praha
54%
Czechoslovakia | Slovakia Slovan Bratislava
54%
Scotland Aberdeen
52%
France Bordeaux
52%
Georgia | Soviet Union Dinamo Tbilisi
52%
Faroe Islands GÍ Gøta
52%
Germany/West Germany Hertha Berlin
52%
France Lens
52%
Israel Maccabi Haifa
52%
Belgium Royal Antwerp
52%
Russia Rubin Kazan
52%
Austria Sturm Graz
52%
Türkiye Trabzonspor
52%
Germany/West Germany Union Berlin
52%
Belarus BATE Borisov
50%
England Blackburn Rovers
50%
France Brest
50%
Spain Celta de Vigo
50%
Romania CFR Cluj
50%
Sweden Göteborg
50%
Italy Hellas Verona
50%
Germany/West Germany Hoffenheim
50%
Bulgaria Ludogorets
50%
Denmark Midtjylland
50%
France Montpellier
50%
France Nantes
50%
France Rennes
50%
Norway Rosenborg
50%
France Saint-Étienne
50%
Russia | Soviet Union Spartak Moskva
50%
Belgium Standard Liège
50%
Germany/West Germany Stuttgart
50%
Portugal Boavista
48%
Belarus | Soviet Union Dinamo Minsk
48%
Switzerland Grasshopper
48%
Croatia | Yugoslavia Hajduk Split
48%
Türkiye İstanbul Başakşehir
48%
Norway Molde
48%
France Reims
48%
Russia Rostov
48%
Netherlands Sparta Rotterdam
48%
Denmark Aalborg
46%
Sweden AIK
46%
Latvia FC Riga
46%
Germany/West Germany Kaiserslautern
46%
Austria LASK Linz
46%
Poland Lech Poznań
46%
Greece PAOK
46%
Ireland Shamrock Rovers
46%
Norway Bodø/Glimt
44%
Denmark Brøndby
44%
Türkiye Bursaspor
44%
East Germany Dynamo Dresden
44%
Spain Girona
44%
Netherlands Heerenveen
44%
England Ipswich Town
44%
Georgia Olimpi Rustavi
44%
Switzerland Sion
44%
France Toulouse
44%
Germany/West Germany 1860 München
42%
England Derby County
42%
Israel Hapoel Beer Sheva
42%
Israel Hapoel Tel Aviv
42%
Scotland Hibernian
42%
Bulgaria Levski Sofia
42%
Cyprus Omonia Nicosia
42%
Croatia Rijeka
42%
Switzerland Servette
42%
France Strasbourg
42%
Czechia Viktoria Plzeň
42%
Italy Cagliari
40%
Soviet Union | Ukraine Dnipro
40%
Russia Dynamo Moskva
40%
Denmark Nordsjælland
40%
Belgium Union Saint-Gilloise
40%
Netherlands Willem II
40%
Scotland Dundee United
38%
Luxembourg F91 Dudelange
38%
Bosnia and Herzegovina | Yugoslavia FK Sarajevo
38%
France Metz
38%
Saarland Saarbrücken
38%
Malta Valletta
38%
Norway Viking
38%
Cyprus AEL Limassol
35%
Kazakhstan Kairat
35%
Switzerland Lugano
35%
Germany/West Germany Nürnberg
35%
Slovenia Olimpija Ljubljana
35%
Romania Rapid București
35%
Switzerland Thun
35%
Portugal Vitória de Guimarães
35%
Sweden Helsingborgs
33%
Scotland Kilmarnock
33%
Switzerland Lausanne-Sport
33%
Scotland Motherwell
33%
Slovakia MŠK Žilina
33%
Azerbaijan Neftçi Baku
33%
Kosovo Prishtina
33%
Albania Skënderbeu
33%
Lithuania Žalgiris Vilnius
33%
Cyprus AEK Larnaca
31%
Greece AEL Larissa
31%
Cyprus Anorthosis
31%
Armenia | Soviet Union Ararat Yerevan
31%
England Burnley
31%
Hungary Debreceni VSC
31%
Belgium Lierse
31%
East Germany Magdeburg
31%
Denmark Odense
31%
Romania Oțelul Galați
31%
Denmark Aarhus
29%
Slovenia Celje
29%
Ireland Cork City
29%
Sweden Djurgårdens
29%
Estonia Flora Tallinn
29%
Israel Hapoel Haifa
29%
Spain Osasuna
29%
Latvia RFS
29%
Wales The New Saints
29%
Soviet Union Torpedo Moskva
29%
Romania Universitatea Craiova
29%
Slovakia VSS Košice
29%
Poland Wisła Kraków
29%
Cyprus Apollon Limassol
27%
Serbia Bačka Topola
27%
Ireland Bohemian
27%
Bosnia and Herzegovina Borac Banja Luka
27%
Albania Dinamo Tirana
27%
Ireland Dundalk
27%
Azerbaijan FC Baku
27%
Armenia FC Yerevan
27%
Sweden Hammarby
27%
Switzerland Luzern
27%
Ukraine Metalist Kharkiv
27%
Czechia Slovan Liberec
27%
Finland Tampere United
27%
San Marino Tre Penne
27%
North Macedonia | Yugoslavia Vardar
27%
Hungary Videoton
27%
Italy ChievoVerona
25%
Ireland | Northern Ireland Derry City
25%
Czechoslovakia Dukla Praha
25%
Lithuania FBK Kaunas
25%
Malta Ħamrun Spartans
25%
East Germany Hansa Rostock
25%
Croatia NK Zagreb
25%
Czechoslovakia | Slovakia Spartak Trnava
25%
Switzerland St. Gallen
25%
Yugoslavia Vojvodina
25%
Bosnia and Herzegovina Zrinjski Mostar
25%
Israel Beitar Jerusalem
23%
Norway Brann
23%
Georgia Dinamo Batumi
23%
Germany/West Germany Eintracht Braunschweig
23%
Sweden Elfsborg
23%
Gibraltar Lincoln Red Imps
23%
Northern Ireland Linfield
23%
Cyprus Pezoporikos Larnaca
23%
Armenia Pyunik
23%
Türkiye Sivasspor
23%
San Marino Tre Fiori
23%
Soviet Union Zorya Voroshilovgrad
23%
Czechia | Czechoslovakia Baník Ostrava
21%
Czechoslovakia Bohemians 1905
21%
Hungary ETO Györ
21%
Poland Górnik Zabrze
21%
Faroe Islands HB Tórshavn
21%
Iceland ÍA
21%
Finland Inter Turku
21%
San Marino La Fiorita
21%
Bulgaria Lokomotiv Plovdiv
21%
Hungary MTK Budapest
21%
Sweden Norrköping
21%
Albania Partizani Tirana
21%
Romania Unirea Urziceni
21%
Norway Vålerenga
21%
Czechoslovakia Zbrojovka Brno
21%
Armenia Ararat-Armenia
19%
Cyprus Aris Limassol
19%
Montenegro Budućnost
19%
East Germany Carl Zeiss Jena
19%
Albania Egnatia
19%
Gibraltar Europa
19%
Belarus Gomel
19%
Andorra Inter Club d'Escaldes
19%
Luxembourg Jeunesse Esch
19%
Northern Ireland Larne
19%
Estonia Levadia Tallinn
19%
Belgium Mechelen
19%
Portugal Paços de Ferreira
19%
Moldova Petrocub Hîncești
19%
Romania Petrolul Ploiești
19%
Romania Politehnica Timișoara
19%
Poland Raków Częstochowa
19%
Germany/West Germany Rot-Weiss Essen
19%
Poland Ruch Chorzów
19%
Denmark Silkeborg
19%
Poland Śląsk Wrocław
19%
Poland Stal Mielec
19%
Hungary Újpest
19%
Latvia Ventspils
19%
Iceland Víkingur Reykjavík
19%
Albania Vllaznia
19%
Austria Wacker Innsbruck
19%
Moldova Zimbru Chişinău
19%
Switzerland Aarau
17%
Austria Admira Wien
17%
Armenia Alashkert
17%
Kosovo Ballkani
17%
East Germany Dynamo Berlin
17%
Sweden Häcken
17%
Hungary Honvéd Budapest
17%
Poland Jagiellonia Białystok
17%
Finland KuPS
17%
Norway Lillestrøm
17%
Bulgaria Lokomotiv Sofia
17%
Norway Lyn Oslo
17%
Slovenia Mura
17%
Kazakhstan Shakhter Karagandy
17%
Ireland Shelbourne
17%
Latvia Skonto Rīga
17%
Ireland Sligo Rovers
17%
Austria Tirol Innsbruck
17%
Romania Astra Giurgiu
15%
Ireland Cork Hibernians
15%
Romania Farul Constanța
15%
Finland Haka
15%
Malta Hibernians
15%
Azerbaijan Inter Baku
15%
East Germany Karl-Marx-Stadt
15%
Slovenia Koper
15%
Denmark Lyngby
15%
Sweden Östers
15%
Belgium R.W.D. Molenbeek
15%
Lithuania Sūduva
15%
Albania Teuta
15%
Romania UTA Arad
15%
Poland Widzew Łódź
15%
Austria Wiener Sport-Club
15%
Belgium Zulte Waregem
15%
Kazakhstan Aktobe
13%
Bulgaria Beroe Stara Zagora
13%
Belgium Beveren
13%
Iceland Breiðablik
13%
Wales Connah's Quay Nomads
13%
Northern Ireland Crusaders
13%
Luxembourg Differdange 03
13%
Ireland Drogheda United
13%
Albania Elbasani
13%
Northern Ireland Glentoran
13%
Sweden Halmstads
13%
Finland Ilves
13%
Czechoslovakia | Slovakia Inter Bratislava
13%
Sweden Kalmar
13%
Denmark KB
13%
Czechia Mladá Boleslav
13%
Cyprus Olympiakos Nicosia
13%
Georgia Saburtalo Tbilisi
13%
Finland TPS
13%
Andorra UE Santa Coloma
13%
Hungary Vasas Budapest
13%
Denmark Vejle
13%
Romania Viitorul Constanța
13%
Ireland Waterford United
13%
Poland Zaglębie Lubin
13%
Hungary Zalaegerszegi TE
13%
Bosnia and Herzegovina | Yugoslavia Zeljezničar
13%
Russia Alania Vladikavkaz
10%
Slovakia Artmedia Petržalka
10%
Denmark B1909
10%
Faroe Islands B36 Tórshavn
10%
Wales Bangor City
10%
Wales Barry Town
10%
Malta Birkirkara
10%
East Germany Chemie Leipzig
10%
Northern Ireland Cliftonville
10%
Kosovo Drita
10%
Netherlands DWS
10%
Denmark Esbjerg
10%
Albania Flamurtari
10%
Luxembourg Fola Esch
10%
San Marino Folgore Falciano
10%
Norway Fredrikstad
10%
Slovenia Gorica
10%
Austria Grazer AK
10%
Poland Gwardia Warszawa
10%
Denmark Herfølge
10%
Iceland ÍBV
10%
Switzerland La Chaux-de-Fonds
10%
Latvia Liepāja
10%
Northern Ireland Lisburn Distillery
10%
North Macedonia Makedonija Gjorče Petrov
10%
Finland Mariehamn
10%
Moldova Milsami Orhei
10%
Kazakhstan Ordabasy
10%
Poland Polonia Bytom
10%
North Macedonia Rabotnički
10%
Wales Rhyl
10%
North Macedonia Shkëndija
10%
Malta Sliema Wanderers
10%
Luxembourg Stade Dudelange
10%
Ireland St Patrick's Athletic
10%
North Macedonia Struga
10%
Austria Swarovski Tirol
10%
Georgia Torpedo Kutaisi
10%
Iceland Valur Reykjavík
10%
Faroe Islands Víkingur Gøta
10%
East Germany Wismut Karl-Marx-Stadt
10%
Armenia Araks Ararat
8%
Romania Argeș Pitești
8%
Denmark B1903
8%
Denmark B1913
8%
Faroe Islands B68 Toftir
8%
Belarus Belshina Bobruisk
8%
Bulgaria Botev Plovdiv
8%
Latvia Daugava Daugavpils
8%
Montenegro Dečić
8%
Belarus Dnepr Mogilev
8%
Slovenia Domžale
8%
Faroe Islands EB/Streymur
8%
Andorra FC Santa Coloma
8%
Malta Floriana
8%
Iceland Fram Reykjavík
8%
Northern Ireland Glenavon
8%
Finland HPS
8%
Lithuania Kareda Šiauliai
8%
Iceland Keflavík
8%
Azerbaijan Khazar Lankaran
8%
Denmark Køge BK
8%
Latvia Liepājas Metalurgs
8%
Ireland Limerick
8%
Bulgaria Litex Lovech
8%
Poland ŁKS Łódź
8%
Malta Marsaxlokk
8%
San Marino Murata
8%
Switzerland Neuchâtel Xamax
8%
Estonia Nõmme Kalju
8%
Serbia Obilić
8%
Sweden Örgryte
8%
Poland Piast Gliwice
8%
Poland Polonia Warszawa
8%
Northern Ireland Portadown
8%
Netherlands Rapid JC
8%
Montenegro Rudar Pljevlja
8%
Andorra Sant Julià
8%
Belarus Shakhtyor Soligorsk
8%
Armenia Shirak
8%
North Macedonia Shkupi
8%
North Macedonia Sileks
8%
Bosnia and Herzegovina Široki Brijeg
8%
North Macedonia Sloga Jugomagnat
8%
Luxembourg Spora Luxembourg
8%
Iceland Stjarnan
8%
Norway Strømsgodset
8%
Luxembourg Swift Hesperange
8%
Ukraine Tavriya Simferopol
8%
Czechia Teplice
8%
Kazakhstan Tobol
8%
Luxembourg Union Luxembourg
8%
Armenia Urartu
8%
Romania Vaslui
8%
San Marino Virtus
8%
Czechoslovakia Vítkovice
8%
East Germany Vorwärts Berlin
8%
Bosnia and Herzegovina Alfa Modriča
6%
Luxembourg Aris Bonnevoie
6%
Ireland Athlone Town
6%
Sweden Åtvidabergs
6%
Luxembourg Avenir Beggen
6%
Bosnia and Herzegovina Brotnjo
6%
Northern Ireland Coleraine
6%
Moldova Constructorul Chişinău
6%
Wales Cwmbran Town
6%
Moldova Dacia Chişinău
6%
Ukraine Dnipro-1
6%
Netherlands DOS
6%
Ireland Drumcondra
6%
Hungary Dunaújváros
6%
Belarus Dynamo Brest
6%
Lithuania Ekranas Panevėzys
6%
Cyprus EPA Larnaca
6%
Bulgaria Etar
6%
Kosovo Feronikeli
6%
Iceland FH
6%
Czechoslovakia Hradec Králové
6%
Denmark Hvidovre
6%
Estonia Infonet Tallinn
6%
Finland Jazz
6%
Azerbaijan Kapaz
6%
Albania Kukësi
6%
Finland Kuusysi
6%
Estonia Lantana Tallinn
6%
Bosnia and Herzegovina Leotar
6%
Wales Llanelli
6%
Croatia Lokomotiva Zagreb
6%
Montenegro Mladost Podgorica
6%
Norway Moss
6%
Finland MyPa
6%
Estonia Norma Tallinn
6%
Finland OPS
6%
Lithuania Panevėžys
6%
Luxembourg Progrès Niederkorn
6%
Slovakia Ružomberok
6%
Belarus Slavia Mozyr
6%
Bulgaria Spartak Plovdiv
6%
Norway Stabæk
6%
Poland Szombierki Bytom
6%
Slovakia Trenčín
6%
Kosovo Trepça '89
6%
Estonia TVMK
6%
Armenia Ulisses
6%
Hungary Vác
6%
Montenegro Zeta Golubovci
6%
Kazakhstan Zhenis
6%
Northern Ireland Ards
4%
Armenia Banants
4%
Luxembourg Grevenmacher
4%
Finland HIFK
4%
Israel Ironi Kiryat Shmona
4%
Andorra Lusitans
4%
Luxembourg Red Boys Differdange
4%
Finland Reipas Lahti
4%
Georgia Samtredia
4%
Azerbaijan Shamkir
4%
Norway Skeid
4%
Norway Start
4%
Montenegro Sutjeska
4%
Latvia Valmiera
4%
Austria VÖEST Linz
4%
Hungary Csepel
2%
Georgia Dila Gori
2%
Kazakhstan Irtysh
2%
Montenegro Mogren
2%
Faroe Islands NSÍ Runavik
2%
North Macedonia Pobeda
2%
North Macedonia Renova
2%
Georgia Sioni Bolnisi
2%
Finland SJK
2%
Latvia Spartaks Jūrmala
2%
Georgia WIT Georgia
2%
Georgia Zestafoni
2%
Finland KPV
0%
Faroe Islands VB
0%
No matching quizzes found
Score Distribution
Percent of People with Each Score
Percentile by Number Answered
Your Score History
You have not taken this quiz since the last reset